000 00877nam a22002177a 4500
003 NALT
005 20251125232938.0
008 s2529 th tha d
040 _aNALT
041 _atha
050 _aJQ1745.A1 ก498
100 0 _aสุกิจ เจริญรัตนกุล
245 1 0 _aบทวิพากษ์ผลงานศึกษาสังคมการเมือง - การบริหารราชการไทย
260 3 _aกรุงเทพฯ :
_bโอเดียนสโตร์,
_c2529
300 _a78 หน้า
650 0 4 _aไทย -- การเมืองและการปกครอง -- วิจัย
850 _aNALT
856 4 0 _uhttps://hdl.handle.net/20.500.14156/336034
942 _cGB
_2lcc
999 _c40867
_d40867
998 _j109
_k อารีรัตน์ วิชาช่าง